Contribuciones al estudio de la poesía de Isaac Felipe Azofeifa : una charla y una bibliografía selectiva /

Resumen: Primero, expone una entrevista que se le hizo a Isaac Felipe Azofeifa acerca de sus textos literarios, de su labor como escritor y de la crítica literaria sobre su poesía y en una segunda parte, presenta una bibliografía selecta sobre este poeta costarricense.

Saved in:
Bibliographic Details
Main Author: Monge, Carlos Francisco
Format: Unknown
Subjects:
Tags: Add Tag
No Tags, Be the first to tag this record!

MARC

LEADER 000000000a22000000004500
001 005673
100 1 |a Monge, Carlos Francisco 
245 1 0 |a Contribuciones al estudio de la poesía de Isaac Felipe Azofeifa :   |b una charla y una bibliografía selectiva /   |c Carlos Francisco Monge. 
310 |a Semestral 
520 |a Resumen: Primero, expone una entrevista que se le hizo a Isaac Felipe Azofeifa acerca de sus textos literarios, de su labor como escritor y de la crítica literaria sobre su poesía y en una segunda parte, presenta una bibliografía selecta sobre este poeta costarricense. 
650 4 |a AZOFEIFA BOLAÑOS, ISAAC FELIPE, (1909-1997) 
650 4 |a LITERATURA COSTARRICENSE 
650 4 |a POESÍA 
650 4 |a CRÍTICA 
773 0 |d Heredia, Costa Rica : Editorial de la Universidad Nacional  |t Letras  |g número 13-14 (1980), páginas 217-243 
942 |c ARC 
999 |c 12428  |d 12428